Hidráulica Agrícola e Urbana (Record no. 32553)

000 -Cabeçalho
Cabeçalho 00508nam 22001813 4500
001 - Identificador do registo
Identificador do registo 32553
090 ## - Número de controle KOHA
Número biblioitem KOHA 32553
100 ## - Dados gerais de processamento
Dados gerais de processamento 20260311d u||y0pory50 ba
101 ## - Língua da publicação
Língua do texto, banda sonora, etc. Português
200 ## - Título e menção de responsabilidade
Título próprio Hidráulica Agrícola e Urbana
Primeira menção de responsabilidade Alberto Abecassis Manzanares
210 ## - Publicação, distribuição, etc.
Lugar da edição, distribuição, etc. AEIST
Data da publicação, distribuição, etc. 1949
215 ## - Descrição física
Tipo do material e extensão do item 415 p.
Dimensões 23 cm
317 ## - Nota de proveniência
Instituição e exemplar a que o campo se aplica Serviço Meteorológico Nacional
500 ## - Título uniforme
Título uniforme Hidráulica Agrícola e Urbana
606 ## - Nome comum usado como assunto
Subdivisão de assunto Hidráulica
-- Barragens
ID Autoridade 23739
700 ## - Nome de pessoa - responsabilidade principal
Palavra de ordem Manzanares
Outra parte do nome não tomada para palavra de ordem Alberto Abecassis
ID Autoridade 23740
801 ## - Fonte de origem
Regras de catalogação ISBD
942 ## - Informação adicional KOHA
Inibição de acesso no OPAC Não
Holdings
Situação do extravio Classificação interna Koha para ordenação Data de aquisição Número de registo Número interno Koha (auto-gerado) Biblioteca de aquisição Biblioteca de empréstimo Numeração (volume ou parte) Cota Fim da data de empréstimo Permissão de empréstimo Tipo de documento
  ESTANTE_2_PRAT_6_000000000000000 2026-03-11 5276 32528 Biblioteca da Sede Biblioteca da Sede 2º Vol. Estante 2, Prat 6 2026-03-11   Monografias

Powered by Koha